00504nam a22001697a 450000500170000000800410001704000070005804100120006508200220007710000160009924500670011526000320018230000280021436500280024265000430027070000210031320220513111739.0220513b ||||| |||| 00| 0 eng d cAL aEnglish 223a327.172bSADF aR Sadananda aFor Peace and Life: Some Indian Impressions of Prague Assembly aDelhibNew Literaturec1983 a111 p.bPBc21.5x14 cm. b₹15.00c₹d₹15.00 aPeace movements Conference proceedings aSADANANDA (R) Ed